[Event "RUS Cup Final Men 2017"]
[Site "Khanty-Mansiysk"]
[Date "2017.12.06"]
[Round "1.3"]
[White "Moiseenko, Vadim"]
[Black "Kokarev, Dmitry"]
[Result "0-1"]
[WhiteElo "2552"]
[BlackElo "2615"]
[Annotator "TA"]
[PlyCount "138"]
[EventDate "2017.??.??"]
[EventType "k.o."]
[EventCountry "RUS"]
[SourceTitle "playchess.com"]
[Source "ChessBase"]
[SourceQuality "1"]

{[%evp 23,138,0,0,-12,-15,-8,-12,-44,-51,-67,-20,-47,-47,-57,0,-93,-22,-23,-24,-497,0,-167,-166,-222,-221,-207,-143,-337,-279,-324,-298,-610,-377,-381,-371,-363,-307,-302,-268,-257,-272,-433,-402,-422,-418,-407,-393,-606,-587,-647,-644,-677,-572,-564,-508,-499,-499,-459,-441,-459,-431,-419,-409,-389,-371,-370,-368,-350,-288,-287,-276,-354,-249,-583,-575,-624,-604,-567,-559,-527,-500,-898,-856,-707,-24,-5716,-24,-6768,-1117,-3495,-1123,-1134,-1139,-29971,-29971,-29972,-29973,-29973,-29974,-29974,-29975,-29975,-29976,-29976,-29977,-29976,-29977,-29977,-29978,-29978,-29978,-29979,-29980,-29980,-29981,-29978,0]} 1. e4 c5 2. Nf3 d6 3. d4 cxd4 4. Nxd4 Nf6 5. Nc3 a6 6. Be3 e5 7. Nf3 Qc7 8. a4 Be7 9. a5 O-O 10. Be2 Nc6 {B90: Sicilian Najdorf: Unusual White 6th moves, 6 Be3 Ng4 and 6 Be3 e5} 11. Bb6 Qd7 (11... Qb8 12. Nd5 Nxe4 13. Bc7 Qa7 14. Bb6 Qb8 15. Bc7 Qa7 16. Bb6 Qb8 {½-½ (16) Timofeev,A (2549)-Kokarev,D (2622) Khanty-Mansiysk 2017}) 12. O-O Bd8 {LiveBook: 5 Games. The position is equal.} 13. Qd3 Bxb6 14. axb6 Qd8 15. Na4 d5 16. Rfd1 {[%cal Re4d5]} d4 $146 (16... Qe7 $5 {[%cal Rd5e4]} 17. Nd2 (17. exd5 e4 $17) 17... Rd8 $15) ({Predecessor:} 16... Qe7 17. Nd2 Nb4 18. Qa3 dxe4 {0-1 (64) Osmanodja,F (2160)-Newrkla,K (2162) Vienna 2012}) 17. c3 {[%cal Rc3d4]} Bg4 18. Nh4 dxc3 (18... Bd7 $15) 19. Qg3 (19. Qxc3 $11 {remains equal.} Qc8 20. Bf3) 19... cxb2 (19... Nd4 $1 $17 {[%cal Rd4e2]} 20. Bxg4 c2) 20. Nxb2 $11 Qc8 (20... Qxb6 $6 21. Na4 $14) 21. Rac1 $2 {[%mdl 8192]} (21. Bxg4 $11 {and White stays safe.} Qxg4 22. Qxg4 Nxg4 23. Nf5) 21... Qe6 $2 (21... Bxe2 $19 22. Re1 Qg4 23. Qxg4 Bxg4) 22. f3 $2 (22. Bxg4 $11 Qxg4 23. Qxg4 Nxg4 24. Nf5) 22... Qa2 $36 {[%mdl 2048] Keeping White busy.} 23. Rd2 (23. fxg4 {was called for.} Qxb2 24. Qe3) 23... Rad8 24. Bc4 Qa5 25. Rf2 $2 (25. Rxd8 $17 {was the only chance.} Rxd8 26. fxg4 Qxb6+ 27. Qf2 Qxf2+ 28. Kxf2) 25... Bc8 26. Kh1 Qxb6 {And now ...Nh5 would win.} 27. Nd3 $2 (27. Rfc2) 27... Qe3 28. Re1 Qd4 ({Weaker is} 28... Rxd3 29. Rxe3 Rxe3 30. Qg5 $17) 29. Rc2 Rfe8 30. Nf2 Be6 31. Bxe6 fxe6 ({Wrong is} 31... Rxe6 $2 32. Nf5 $16) 32. Nh3 (32. f4 $142) 32... Nb4 33. Rc7 {[%csl Gc7][%cal Rg3g7]} Rd7 34. Rxd7 Nxd7 ({Less strong is} 34... Qxd7 35. Nf2 $19) 35. Ng5 (35. f4 $142 Nd3 36. Nf3) 35... Nd3 36. Rf1 Nf6 {Strongly threatening ...Nh5.} 37. h3 a5 38. Kh2 h6 39. Nxe6 Rxe6 40. Nf5 {[%csl Gf5][%cal Rg3g7]} Qd7 41. Rd1 {Black should prevent Rxd3.} Ne8 42. f4 exf4 43. Qf3 Ne5 44. Rxd7 {White threatens Qb3 and mate.} Nxf3+ 45. gxf3 {[%mdl 4096] Endgame KRN-KRN} Ra6 46. Rxb7 a4 47. Rb2 Nd6 48. Rb8+ $2 (48. Nxd6 {was the crucial defense.} Rxd6 49. Ra2) 48... Kf7 49. Nxd6+ Rxd6 {KR-KR} 50. Ra8 Rd2+ $1 51. Kg1 Ra2 52. h4 (52. Kf1 $142 a3 53. Ra7+ Kf6 54. h4) 52... g5 53. Ra7+ Ke8 $2 (53... Kf6 $19 54. Ra6+ Ke5 55. Ra5+ Kd4 56. hxg5 hxg5 57. Rxg5 Ke3) 54. e5 $2 {[%mdl 8192]} (54. hxg5 $11 Ra1+ 55. Kg2 hxg5 56. Rg7) 54... a3 $2 ({Black should try} 54... gxh4 $19 55. Ra6 a3 56. Re6+ Kd7) 55. e6 $2 {[%mdl 8192]} (55. hxg5 $11 Ra1+ 56. Kh2 hxg5 57. Kg2) 55... Ra1+ (55... gxh4 $142 56. Kh1 h3) 56. Kg2 a2 (56... gxh4 $142 57. Ra8+ Ke7 58. Ra7+ Kxe6 59. Ra6+ Ke5 60. Rxh6 h3+ $1 {[%mdl 512]} 61. Kh2 Rf1 62. Rh5+ Kd4) 57. hxg5 hxg5 {[%cal Bh6g5,Bg5g4][%mdl 32]} 58. Ra4 Ke7 {Black mates.} 59. Ra6 {[#]} g4 $1 {[%mdl 512]} 60. Ra7+ (60. fxg4 f3+) 60... Kxe6 61. Ra6+ Ke7 62. Ra7+ Kf6 63. Ra6+ Kg5 64. Ra5+ Kh4 65. fxg4 Kxg4 66. Ra4 Kf5 67. Kf2 Ke5 68. Ra5+ Kd6 69. Ra6+ Ke5 $2 {[%mdl 32768] Precision: White = 38%, Black = 56%. . Sensor Board Error (Ke4/e5)?} (69... Kc5 {mates} 70. Kg2 {[#]} f3+ $1 {[%mdl 512]} 71. Kf2 Rh1 72. Kxf3 a1=Q 73. Rxa1 Rxa1 74. Ke3 Kd5 75. Kf4 Ra3 76. Kf5 Rf3+ 77. Kg4 Ke4 78. Kg5 Ke5 79. Kg6 Re3 80. Kg5 Rg3+ 81. Kh4 Kf4 82. Kh5 Kf5 83. Kh6 Rg4 84. Kh5 Rc4 85. Kh6 Rc7 86. Kh5 Rh7#) 0-1

[Event "RUS Cup Final Men 2017"]
[Site "Khanty-Mansiysk"]
[Date "2017.12.06"]
[Round "1.3"]
[White "Golubov, Saveliy"]
[Black "Grachev, Boris"]
[Result "1-0"]
[WhiteElo "2488"]
[BlackElo "2657"]
[Annotator "TA"]
[PlyCount "109"]
[EventDate "2017.??.??"]
[EventType "k.o."]
[EventCountry "RUS"]
[SourceTitle "playchess.com"]
[Source "ChessBase"]
[SourceQuality "1"]

{[%evp 16,109,0,0,-9,-2,0,0,0,0,0,-4,24,-16,0,0,0,0,0,0,0,-38,-18,-16,-7,-38,-42,-31,-35,-51,-50,-37,-41,-46,-20,-19,-27,-41,70,0,0,0,0,0,25,15,7,2,10,10,56,30,29,18,16,26,14,0,0,4,10,0,0,0,142,69,51,52,646,642,621,579,716,693,670,668,668,653,715,716,875,875,852,852,842,788,867,850,1733,1663,1326,1252,2075,1999,5006,4464]} 1. d4 d5 2. Nf3 Nf6 3. Bf4 c5 4. e3 e6 5. c3 Nc6 6. Nbd2 Be7 7. Ne5 Nxe5 {D02: 1 d4 d5 2 Nf3 sidelines, including 2...Nf6 3 g3 and 2...Nf6 3 Bf4} (7... Nd7 8. Bd3 O-O 9. Qh5 f5 10. Ndf3 Ndxe5 11. Nxe5 Nxe5 12. Bxe5 Bd6 13. f4 Bxe5 14. fxe5 Bd7 15. O-O Qb6 16. Rf2 Bb5 17. Bxb5 Qxb5 {½-½ (38) Adhiban,B (2653)-Aronian,L (2780) Wijk aan Zee 2017}) 8. dxe5 Nd7 9. Bd3 {LiveBook: 6 Games} Qc7 {The position is equal.} 10. Nf3 b6 11. h4 {[%cal Bh2h4,Bh4h5][%mdl 32]} Bb7 12. h5 h6 13. Qe2 O-O-O 14. c4 $146 ({Predecessor:} 14. O-O Rdg8 15. e4 {1-0 (54) Danielsson,G-Bogoljubow,E Sopot 1935}) 14... dxc4 15. Bxc4 Nb8 16. O-O Nc6 17. a3 Na5 18. Ba2 Kb8 19. Rac1 Qd7 20. Rfd1 Qa4 21. Nd2 Rd7 22. Nb1 Rhd8 $1 {[%cal Rd7d1]} 23. Rxd7 Qxd7 24. Qg4 Bf8 25. Nc3 a6 26. Bg3 c4 (26... Qc6 $15 27. f3 c4) 27. Bh4 (27. Bxc4 $14 Nxc4 28. Qxc4) 27... Rc8 $11 28. Rd1 Qc7 29. Bb1 Ka7 30. Be4 Nc6 31. f4 b5 32. Bf3 Ne7 33. Bxb7 (33. Bxe7 $5 Qxe7 34. Bxb7 Qxb7 35. Kf2 $11) 33... Qxb7 34. Bxe7 Qxe7 35. f5 Qe8 36. Ne4 $36 {[%mdl 2048] Black is under pressure.} exf5 37. Qxf5 Rc7 38. Nd6 Qc6 $1 39. Nxf7 {[#] Black must now prevent Nd8.} Bc5 (39... c3 $1 $11 {remains equal.} 40. bxc3 Qxc3) 40. e6 ({White should try} 40. Nd8 $16 Bxe3+ 41. Kf1) 40... Bxe3+ 41. Kh1 {Threatens to win with Qe5.} Bb6 $2 {[%mdl 8192]} (41... Qc5 $14 42. Nd6 Qxf5 43. Nxf5 Bg5) 42. Ne5 $18 {White is clearly winning.} Qc5 43. Qe4 Qe3 44. Qxe3 Bxe3 {[%mdl 4096] Endgame [#] KRB-KRN} 45. e7 $1 {[%mdl 512]} Rxe7 46. Nc6+ Kb6 47. Nxe7 Bg5 48. Nd5+ Kc5 49. Nc3 Kc6 50. Kg1 a5 51. Kf2 b4 52. axb4 axb4 53. Ne4 Be7 54. Ke3 Kb5 55. Kd4 {Precision: White = 54%, Black = 54%.} 1-0

[Event "RUS Cup Final Men 2017"]
[Site "Khanty-Mansiysk"]
[Date "2017.12.06"]
[Round "1.4"]
[White "Grachev, Boris"]
[Black "Golubov, Saveliy"]
[Result "1-0"]
[WhiteElo "2657"]
[BlackElo "2488"]
[Annotator "TA"]
[PlyCount "63"]
[EventDate "2017.??.??"]
[EventType "k.o."]
[EventCountry "RUS"]
[SourceTitle "playchess.com"]
[Source "ChessBase"]
[SourceQuality "1"]

{[%evp 18,63,51,52,147,134,177,189,183,133,171,161,262,175,321,297,318,214,560,567,564,534,560,550,549,542,542,541,691,683,682,639,619,599,1145,1111,1079,1068,972,873,936,866,863,859,836,829,823,822]} 1. c4 Nf6 2. Nc3 e6 3. e4 d5 4. e5 d4 5. exf6 dxc3 6. bxc3 Qxf6 7. d4 c5 8. Nf3 h6 9. Bd3 Nd7 10. O-O {LiveBook: 5 Partien. A18: Englische Eröffnung} Qd8 ({Günstiger ist} 10... Bd6 $14) (10... Bd6 11. Re1 O-O 12. Qe2 Rd8 13. Bc2 Nf8 14. Ne5 Bxe5 15. dxe5 Qh4 16. Qf3 Ng6 17. Re4 Qe7 {1-0 (30) Langheinrich,F (2385)-Margolin,B (2398) Germany 2016}) 11. Bf4 $146 ({Vorgänger:} 11. Re1 Be7 12. Bc2 Nf6 13. Qd3 b6 14. Ne5 Bb7 15. h3 Rc8 16. Bf4 cxd4 17. cxd4 Kf8 {1-0 (41) Weithart,M-Grupe,H (2290) Hamburg 1997}) 11... Nf6 12. Re1 {Weiß steht deutlich besser.} Be7 13. Qd2 Bd7 14. Ne5 Bc6 (14... cxd4 {ist eine bessere Verteidigung.} 15. cxd4 b6) 15. Rad1 Ba4 {[#]} (15... Kf8 $142 16. Bc2 cxd4) 16. Rb1 $1 $18 b6 17. Qe3 Nh5 $2 {[#]} (17... cxd4 18. cxd4 Kf8) 18. Nxf7 $1 {[%mdl 512] Weiß steht klar auf Gewinn.} Kxf7 19. Qxe6+ Kf8 20. Bg6 {[%csl Gg6][%cal Re6f7]} Be8 {[#]} 21. Bxe8 $1 Qxe8 22. Bd6 {[%cal Rd6e7]} Bxd6 23. Qxd6+ Kf7 {Schwarz hofft, mit ...Dd8 fortzusetzen.} 24. Rxe8 Rhxe8 25. dxc5 bxc5 26. Qd5+ Kg6 27. g4 {[%csl Gg4][%cal Rd5f5]} Nf6 28. Qf5+ Kf7 29. Rb7+ Re7 30. Rxe7+ Kxe7 31. Qxc5+ Kd7 32. h3 {Precision: Weiß = 73%, Schwarz = 13%.} 1-0

[Event "RUS Cup Final Men 2017"]
[Site "Khanty-Mansiysk"]
[Date "2017.12.06"]
[Round "1.4"]
[White "Kokarev, Dmitry"]
[Black "Moiseenko, Vadim"]
[Result "0-1"]
[WhiteElo "2615"]
[BlackElo "2552"]
[Annotator "TA"]
[PlyCount "52"]
[EventDate "2017.??.??"]
[EventType "k.o."]
[EventCountry "RUS"]
[SourceTitle "playchess.com"]
[Source "ChessBase"]
[SourceQuality "1"]

{[%evp 25,52,31,39,35,41,37,61,50,72,54,83,23,39,40,35,16,18,0,21,0,-11,-31,-20,-70,-31,-47,-25,-316,-309]} 1. e4 e5 2. Nf3 Nc6 3. Bb5 a6 4. Ba4 Nf6 5. O-O Be7 6. Re1 b5 7. Bb3 O-O 8. a4 Bb7 9. d3 d5 10. axb5 {C88: Closed Ruy Lopez: Anti-Marshall Systems} (10. exd5 Nxd5 11. Nbd2 f6 12. c3 Kh8 13. axb5 axb5 14. Rxa8 Bxa8 15. Ne4 b4 16. d4 bxc3 17. bxc3 exd4 18. Nxd4 Nxd4 19. cxd4 {½-½ (42) Caruana,F (2808)-Carlsen,M (2832) Stavanger 2017}) 10... axb5 11. Rxa8 Bxa8 12. exd5 Nxd5 13. Nxe5 Nd4 {LiveBook: 4 Games} 14. c3 Nxb3 15. Qxb3 b4 16. d4 Nb6 $146 ({Predecessor:} 16... Qc8 17. c4 Nf6 {1-0 (32) Jansa,V (2480)-Djuric,S (2440) Kladovo 1980}) 17. Be3 Nd7 18. Nd2 (18. Nxd7 $16 Qxd7 19. c4) 18... Nxe5 19. dxe5 Qd7 20. Qc4 Bd5 21. Qf1 Qf5 22. cxb4 Bxb4 23. Qb5 c5 $1 $40 {[%mdl 128] Black has some attack.} 24. Rf1 Qxe5 25. Nf3 Qh5 26. Bxc5 $2 {[%mdl 8192] [#]} (26. Ng5 $11 {and White stays safe.}) 26... Bxc5 {Precision: White = 18%, Black = 59%.} 0-1

[Event "RUS Cup Final Men 2017"]
[Site "Khanty-Mansiysk"]
[Date "2017.12.06"]
[Round "1.4"]
[White "Shaposhnikov, Evgeny"]
[Black "Predke, Alexandr"]
[Result "1-0"]
[WhiteElo "2563"]
[BlackElo "2599"]
[Annotator "TA"]
[PlyCount "103"]
[EventDate "2017.??.??"]
[EventType "k.o."]
[EventCountry "RUS"]
[SourceTitle "playchess.com"]
[Source "ChessBase"]
[SourceQuality "1"]

{[%evp 20,103,0,-9,-11,-9,-16,-35,-35,-18,-16,-41,-25,-18,-28,-39,-46,-34,-22,-20,-22,-25,-21,-31,0,-20,0,-21,0,0,10,0,0,0,0,0,0,0,0,0,0,0,0,0,29,17,14,6,26,6,52,8,81,86,97,85,96,103,110,105,233,108,114,114,110,107,380,372,370,338,343,279,280,85,652,641,554,530,776,629,1510,1245,29968,29968,29961,29962]} 1. Nf3 Nf6 2. d4 b6 3. c4 Bb7 4. e3 e6 5. Bd3 d5 6. b3 Bd6 7. O-O O-O 8. Nc3 Nbd7 9. Bb2 a6 10. Rc1 Re8 {E14: Queen's Indian: Classical Variation (4 e3)} (10... Qe7 11. Re1 Ne4 12. Qc2 f5 13. Ne2 Ndf6 14. h3 c5 15. Ne5 Rac8 16. f3 cxd4 17. exd4 Nd7 18. Nxd7 Qxd7 {½-½ (44) Harikrishna,P (2740)-Kryvoruchko,Y (2697) Linares 2015}) 11. Na4 {[#] LiveBook: 3 Games. c5 is the strong threat.} dxc4 12. bxc4 e5 {White should prevent ...e4.The position is equal.} 13. c5 e4 $1 {White must now prevent ...bxc5.} 14. cxd6 cxd6 15. Be2 {Strongly threatening Nd2.} exf3 16. Bxf3 Bxf3 17. Qxf3 b5 18. Nc3 Nb6 $146 19. d5 Nc4 20. Qe2 Rc8 21. Ba1 Qd7 22. Rfd1 Qf5 23. h3 Rc5 (23... Ne5 {is more complex.} 24. Qf1 h6 25. Rb1 Rc4 26. a4 b4) 24. a4 Nxd5 ({But not} 24... b4 $6 25. Na2 $16) 25. Nxd5 Rxd5 26. Rxd5 Qxd5 27. axb5 axb5 28. Qg4 {[%csl Ga1][%cal Rg4g7]} g6 29. Rd1 $40 {[%mdl 128] White has some attack.} Qe4 30. Qxe4 Rxe4 $11 {[%mdl 4096] Endgame KRB-KRN} 31. Rd5 Na3 32. Bb2 Nc4 33. Rxb5 (33. Bf6 {with more complications.} Re6 34. Bc3 Re8 35. Rxb5 Kf8 36. Rb4) 33... Re8 34. g4 h6 35. Kg2 g5 (35... Nxb2 $11 36. Rxb2 Kg7) 36. Bd4 $16 Kh7 37. Rb4 Nd2 38. Rb7 Kg6 39. Rd7 Re6 {[#]} (39... Nc4 $16 40. Kg3 Rf8) 40. h4 (40. f4 $1 $18 {[%cal Rf4f5] is the precise move to win. f5+ would kill now.} gxf4 41. exf4) 40... h5 41. gxh5+ Kxh5 42. hxg5 Rg6 $2 {[%mdl 8192]} (42... Kxg5 $16 {might work better.} 43. Rxf7 Kh5 44. Rf5+ Kg4) 43. f4 $18 Kg4 44. Rxf7 Ne4 45. Rf8 d5 {intending ...Rc6.} 46. Bf6 $2 (46. Rh8 $18 {has better winning chances.}) 46... Nd6 $2 {[%mdl 8192]} (46... d4 $16) 47. Kf2 Nf5 48. Ke2 Kg3 49. Rh8 Kg2 50. Rd8 d4 51. e4 Ng3+ 52. Ke1 {Precision: White = 55%, Black = 28%.} 1-0

[Event "RUS Cup Final Men 2017"]
[Site "Khanty-Mansiysk"]
[Date "2017.12.06"]
[Round "1.5"]
[White "Kokarev, Dmitry"]
[Black "Moiseenko, Vadim"]
[Result "1-0"]
[WhiteElo "2615"]
[BlackElo "2552"]
[Annotator "TA"]
[PlyCount "87"]
[EventDate "2017.??.??"]
[EventType "k.o."]
[EventCountry "RUS"]
[SourceTitle "playchess.com"]
[Source "ChessBase"]
[SourceQuality "1"]

{[%evp 18,87,28,9,34,33,27,17,12,-7,0,-5,0,-15,-17,-6,0,-12,-11,-26,25,7,18,-17,41,-17,52,43,36,17,155,45,84,86,141,104,142,153,166,160,160,142,864,216,341,296,679,622,670,641,1087,705,635,700,629,628,601,593,735,710,679,707,706,697,860,854,850,842,1172,1146,6132,6083]} 1. e4 e5 2. Nf3 Nc6 3. Bb5 a6 4. Ba4 Nf6 5. O-O Be7 6. Bxc6 dxc6 7. d3 Nd7 8. Nbd2 O-O 9. Nc4 Bd6 {C85: Spanische Partie (Steenwijker Variante)} (9... f6 10. Nh4 Re8 11. Nf5 Bf8 12. f4 exf4 13. Bxf4 Nc5 14. Qg4 Bxf5 15. Qxf5 Ne6 16. Be3 b5 17. Na5 c5 18. a4 {0-1 (85) Andreikin,D (2706)-Matlakov,M (2728) Tbilisi 2017}) 10. a4 {LiveBook: 4 Partien} a5 11. Bd2 $146 ({Vorgänger:} 11. b3 c5 12. Bb2 f6 13. Nh4 Nb8 14. Nf5 Kh8 15. f4 Bxf5 16. fxe5 Bxe5 17. Nxe5 {½-½ (65) Hayrapetyan,A (2383)-Harutyunyan,T (1946) Yerevan 2016}) 11... b6 {Weiß steht etwas besser.} 12. Bc3 {[%cal Rf3e5]} Re8 13. Kh1 f6 14. Nh4 Nf8 15. g3 Bh3 16. Rg1 Be6 17. Ne3 Bc5 18. Qf3 Qd7 (18... Bd7 $142) 19. g4 $11 h6 20. Nef5 Qf7 (20... Bb4 $11) 21. Rg3 (21. Bd2 $1 $14) 21... Rad8 (21... Bb4 $11) 22. Rag1 $14 Nh7 23. Bd2 Kh8 {[#]} (23... Ng5 $11 {bleibt in der Remisbreite.} 24. Qe2 Bc8) 24. Qg2 ({Besser ist} 24. Bxh6 $1 $16 gxh6 25. Nxh6) 24... Bf8 25. Nf3 c5 ({Lieber} 25... Rd7) 26. b3 Ng5 27. Bxg5 hxg5 28. h4 gxh4 29. N3xh4 {[#] Droht stark g5.} g6 $2 {[%mdl 8192]} (29... g5 $16) 30. Ne3 $2 (30. g5 Bxf5 31. exf5 fxg5 32. Nxg6+ Kg7 33. Rxg5) 30... Bh6 (30... g5 $142) 31. Rh3 Kg7 $2 (31... Kg8 32. Nhf5 Bf8) 32. Nhf5+ $18 {Weiß steht klar auf Gewinn.} Bxf5 33. gxf5 Bxe3 34. Qxg6+ ({Aber nicht} 34. Rxe3 $2 Rh8+ 35. Qh3 Rxh3+ $19) (34. fxe3 g5 $11) 34... Qxg6 35. Rxg6+ Kf8 36. Rxf6+ ({Weniger gut wäre} 36. Rxe3 Kf7 $16) 36... Ke7 37. Re6+ Kd7 38. Rh7+ (38. Rxe3 Rxe6 39. fxe6+ Ke7 $16) 38... Kc8 39. Rxe8 ({Nicht} 39. fxe3 Rxe6 40. fxe6 Re8 $16) 39... Rxe8 40. fxe3 Rg8 41. Re7 Kd8 42. Rxe5 Rg3 43. f6 {[%cal Bf5f6,Bf6f7][%mdl 32]} Rg6 44. f7 {Precision: Weiß = 39%, Schwarz = 23%.} 1-0

[Event "RUS Cup Final Men 2017"]
[Site "Khanty-Mansiysk"]
[Date "2017.12.06"]
[Round "1.5"]
[White "Golubov, Saveliy"]
[Black "Grachev, Boris"]
[Result "1-0"]
[WhiteElo "2488"]
[BlackElo "2657"]
[Annotator "TA"]
[PlyCount "45"]
[EventDate "2017.??.??"]
[EventType "k.o."]
[EventCountry "RUS"]
[SourceTitle "playchess.com"]
[Source "ChessBase"]
[SourceQuality "1"]

{[%evp 9,45,20,39,3,16,8,52,37,42,36,47,60,51,29,51,50,60,88,70,-18,69,55,83,28,39,50,53,71,43,14,247,249,204,33,39,-227,1624,1609]} 1. d4 d5 2. Nf3 e6 3. Bf4 Bd6 4. Bg3 Ne7 5. e3 Nf5 {LiveBook: 4 Games} (5... c5 6. c3 Nbc6 7. Nbd2 Nf5 8. Bxd6 Qxd6 9. Bd3 Nfe7 10. O-O O-O 11. Re1 h6 12. e4 cxd4 {0-1 (37) Grischuk,A (2781)-Topalov,V (2798) Stavanger 2015}) 6. Bd3 {D02: 1 d4 d5 2 Nf3 sidelines, including 2...Nf6 3 g3 and 2...Nf6 3 Bf4} O-O 7. Nbd2 Nc6 $146 ({Predecessor:} 7... c5 8. c3 Nc6 9. Rc1 b6 10. Bb1 Ba6 11. Qa4 Bb7 12. Qc2 g6 {1-0 (41) Salabun,V (2053)-Matvienko,V (1993) Chervonograd 2015}) 8. c3 {White is slightly better.} h6 9. e4 Nxg3 10. hxg3 dxe4 11. Nxe4 e5 12. dxe5 $1 Nxe5 13. Nxe5 Bxe5 14. Qf3 (14. f4 $14 Bd6 15. Qf3) 14... Qd7 (14... Bg4 $11 15. Qxg4 Qxd3) 15. O-O-O $14 {Threatens to win with Nf6+!} Qe6 16. Rh4 (16. Rde1 $16 {aiming for Nc5.} Qc6 17. Qh5) 16... Qxa2 {[#]} 17. Bc4 $1 {[%cal Bd3c4,Bc4b3,Bb3f7][%mdl 544]} Qa1+ ({Don't go for} 17... Qxc4 $2 18. Nf6+ $1 {[%mdl 512]} Bxf6 19. Rxc4 $18) 18. Kc2 Qa4+ 19. Bb3 Qc6 $2 {[#]} (19... Qe8 $1 $11) 20. Bxf7+ $1 $40 {[%mdl 640] White is out for blood.} Kh8 {[#] ...Be6 is the strong threat.} (20... Rxf7 21. Rd8+) 21. Qh5 $2 (21. Rdh1 $1 $18) 21... Be6 $14 22. Ng5 $2 {[%mdl 8192]} (22. Bxe6 $14 Qxe6 23. Rdh1) 22... Qa4+ $4 {[%mdl 8192]} (22... Bf5+ $19 23. Kb3 Qb6+ 24. Rb4 Qxf2) 23. Rxa4 {Precision: White = 41%, Black = 38%.} 1-0

[Event "RUS Cup Final Men 2017"]
[Site "Khanty-Mansiysk"]
[Date "2017.12.07"]
[Round "2.1"]
[White "Jakovenko, Dmitry"]
[Black "Paravyan, David"]
[Result "1/2-1/2"]
[WhiteElo "2730"]
[BlackElo "2589"]
[Annotator "TA"]
[PlyCount "106"]
[EventDate "2017.??.??"]
[EventType "k.o."]
[EventCountry "RUS"]
[SourceTitle "playchess.com"]
[Source "ChessBase"]
[SourceQuality "1"]

{[%evp 20,106,-8,-5,0,0,31,17,29,-2,28,0,0,0,8,0,12,0,0,0,0,0,0,-7,0,6,16,0,0,0,0,0,0,0,0,0,14,19,39,0,0,0,0,-19,-19,-69,-72,-107,-107,-107,-107,-185,-141,-191,-209,-200,-200,-191,-191,-116,-116,-145,0,0,0,0,0,0,0,0,0,0,0,0,0,0,0,0,0,0,0,0,0,0,0,0,0,0,0]} 1. Nf3 Nf6 2. c4 c5 3. Nc3 d5 4. cxd5 Nxd5 5. e3 e6 6. d4 cxd4 {D41: Queen's Gambit Declined: Semi-Tarrasch with 5 cxd5} (6... Nc6 7. Bd3 Be7 8. O-O O-O 9. a3 Nxc3 10. bxc3 b6 11. Qc2 g6 12. Rd1 Qc7 13. c4 Bf6 14. Bb2 Rb8 15. d5 Ne5 16. Be2 exd5 17. cxd5 Nxf3+ 18. Bxf3 Qd6 19. g3 Bd7 20. Bg2 {1-0 (43) So,W (2815)-Giri,A (2785) chess.com INT 2017}) 7. exd4 Nxc3 8. bxc3 Qc7 9. Bd2 Nd7 10. Bd3 Bd6 11. O-O {LiveBook: 7 Games} O-O 12. Qe2 Nf6 13. Ne5 b6 $146 ({Predecessor:} 13... Bxe5 14. dxe5 {0-1 (52) Hou,Y (2673)-Dimitrov,R (2445) Bastia 2014}) 14. Bg5 Nd7 {[%cal Rd7e5]} 15. Qe4 {[%csl Gd3][%cal Re4h7]} f5 16. Qxa8 Bb7 17. Qxa7 Bxe5 18. dxe5 Ra8 19. Qxa8+ $1 (19. Bd8 $2 Qc6 $19) 19... Bxa8 20. Bb5 {Rad1 is the strong threat.} Nxe5 {And now ...Ng4 would win.} 21. Rad1 h6 22. Bf4 $1 Kh7 23. Bxe5 Qxe5 24. c4 h5 25. h3 Be4 26. Rfe1 {Strongly threatening Bc6!} Qf4 27. Re3 h4 (27... Qg5 {looks sharper.} 28. Rg3 Qf6 29. Rd7 Kh6 30. Rgxg7 Qa1+) 28. Rde1 e5 29. Bd7 (29. c5 $5 bxc5 30. Bf1 $14) 29... g6 30. Be6 Bc2 31. Bd5 e4 32. f3 exf3 33. Rxf3 Qd4+ 34. Rf2 Bd3 {Hoping for ...b5.} 35. Rd1 (35. a4 $17) 35... b5 $1 $19 {[%cal Rb5c4]} 36. Bf3 {aiming for cxb5.} bxc4 37. Be2 g5 $1 38. Bxd3 cxd3 {[%mdl 4096] Endgame KQ-KRR} 39. Kf1 {[#]} g4 $1 40. a4 {[#]} gxh3 (40... Qe3 $1 $17 41. hxg4 fxg4) 41. gxh3 $11 {The position is equal.} Qe3 ({Don't play} 41... Qxa4 42. Rxd3 Qa6 43. Rfd2 $17) 42. Rdd2 Qxh3+ 43. Kg1 $1 Qg4+ 44. Kh2 Qe4 {Threatens to win with ...Kg6.} 45. a5 Qe5+ 46. Kg2 Qd5+ (46... Qc3 {keeps more tension.} 47. Kh2 Qc7+ 48. Kh1 Qc3 49. Kh2) 47. Kg1 Qxa5 48. Rxd3 Qe1+ 49. Kg2 Qe4+ 50. Rdf3 Kg6 51. Kh2 Kg5 52. Rxf5+ Qxf5 53. Rxf5+ Kxf5 {Precision: White = 69%, Black = 72%.} 1/2-1/2